|
|
|
|
| LEADER |
00659nam a2200193 4500 |
| 020 |
|
|
|
| 082 |
|
|
|a P19951 SUN
|
| 100 |
|
|
|a Sunil Kumar, S
|
| 245 |
|
|
|a Studies on the Growth and Body Composition of PearlSpot Etroplus Suratensis (Bloch) Treated with Different Levels of Dietary Protein and Livol (IHF-500)
|
| 250 |
|
|
|
| 260 |
|
|
|a Dept. of Aquatic Biology & Fisheries, University of Kerala, Thiruvananthapuram
|c 1995
|
| 300 |
|
|
|
| 490 |
|
|
|a Jayaprakas, V
|
| 500 |
|
|
|
| 590 |
|
|
|a SHK
|
| 650 |
|
|
|
| 942 |
|
|
|c BK
|
| 999 |
|
|
|c 101956
|d 101956
|
| 952 |
|
|
|0 0
|1 0
|4 0
|6 P_19951_000000000000000_SUN
|7 0
|9 115424
|a AQU
|b AQU
|l 0
|o P19951 SUN
|p AQUP19951
|r 2019-09-25
|w 2019-09-25
|y BK
|